[Event "North American op 16th"]
[Site "Las Vegas"]
[Date "2006.12.29"]
[Round "6"]
[White "Friedel, Joshua E"]
[Black "Onyekwere, Chikwere"]
[Result "1-0"]
[WhiteElo "2535"]
[BlackElo "2272"]
[PlyCount "65"]
[EventDate "2006.12.26"]
[EventType "swiss"]
[EventRounds "9"]
[EventCountry "USA"]
[SourceTitle "CBM 116 Extra"]
[Source "ChessBase"]
[SourceDate "2007.03.07"]
[SourceVersion "1"]
[SourceVersionDate "2007.03.07"]
[SourceQuality "1"]

1. e4 c5 2. Nf3 d6 3. d4 cxd4 4. Nxd4 Nf6 5. Nc3 a6 6. f4 e5 7. Nf3 Nbd7 8. a4 Be7 9. Bd3 0-0 10. 0-0 Nc5 11. Qe1 exf4 12. Bxf4 Bg4 13. Kh1 Rc8 14. Qg3 Bh5 15. Be3 Bg6 16. Bd4 Re8 17. Rae1 Qd7 18. a5 Na4 19. Nd5 Nxd5 20. exd5 Nc5 21. Nd2 Nxd3 22. cxd3 Bf8 23. Ne4 Re7 24. h4 h5 25. Rf4 Qb5 26. Rxf7 Rxf7 27. Qxg6 Qxd5 28. Bf6 Rc2 29. Rg1 Rf2 30. Ng5 Qxg5 31. hxg5 Re2 32. Rc1 Re8 33. Bd4 1-0

[Event "World op 34th"]
[Site "Philadelphia"]
[Date "2006.07.04"]
[Round "9"]
[White "Hoekstra, Matthew"]
[Black "Onyekwere, Chikwere"]
[Result "1/2-1/2"]
[WhiteElo "2363"]
[BlackElo "2075"]
[PlyCount "109"]
[EventDate "2006.06.28"]
[EventType "swiss"]
[EventRounds "9"]
[EventCountry "USA"]
[SourceTitle "CBM 112 Extra"]
[Source "ChessBase"]
[SourceDate "2006.07.14"]
[SourceVersion "1"]
[SourceVersionDate "2006.07.14"]
[SourceQuality "1"]

1. d4 d5 2. c4 c6 3. cxd5 cxd5 4. Nf3 Nf6 5. Nc3 e6 6. Bf4 Bd6 7. Ne5 Nc6 8. e3 0-0 9. Bd3 a6 10. Qf3 Bxe5 11. dxe5 Nd7 12. Qh3 f5 13. exf6 Nxf6 14. Qg3 e5 15. Bg5 e4 16. Bc2 Be6 17. 0-0 Nb4 18. Rac1 Qd7 19. Rfd1 Qf7 20. Bxf6 Qxf6 21. a3 Nxc2 22. Rxc2 Rad8 23. Ne2 Rd7 24. Nd4 Bf7 25. Rdc1 h6 26. h3 Bh5 27. Rc7 Rdf7 28. Rxf7 Rxf7 29. Rc7 Kh7 30. Rxf7 Qxf7 31. Qd6 Bd1 32. Ne6 Bb3 33. h4 Bc4 34. Nf8+ Kg8 35. Ng6 Kh7 36. h5 Be2 37. Nf4 Bxh5 38. Qe5 Bd1 39. Nxd5 Bc2 40. Nb4 Bb1 41. Nd5 Bc2 42. Ne7 Bd3 43. Nf5 b5 44. Nd4 Kh8 45. Ne6 Kg8 46. Nc5 Qg6 47. b4 Kh8 48. Qe6 Qh5 49. Nxe4 Qd1+ 50. Kh2 Qh5+ 51. Kg3 Bxe4 52. Qxe4 Qg5+ 53. Kh3 Qh5+ 54. Kg3 Qg5+ 55. Kh3 1/2-1/2

[Event "World op 34th"]
[Site "Philadelphia"]
[Date "2006.07.04"]
[Round "8"]
[White "Zaikov, Oleg"]
[Black "Onyekwere, Chikwere"]
[Result "0-1"]
[WhiteElo "2391"]
[BlackElo "2075"]
[PlyCount "84"]
[EventDate "2006.06.28"]
[EventType "swiss"]
[EventRounds "9"]
[EventCountry "USA"]
[SourceTitle "CBM 112 Extra"]
[Source "ChessBase"]
[SourceDate "2006.07.14"]
[SourceVersion "1"]
[SourceVersionDate "2006.07.14"]
[SourceQuality "1"]

1. d4 d5 2. c4 c6 3. Nf3 Nf6 4. e3 e6 5. Bd3 Nbd7 6. 0-0 dxc4 7. Bxc4 b5 8. Bd3 Bb7 9. a4 a6 10. e4 Be7 11. Nbd2 Nc5 12. Bc2 Nxa4 13. e5 Nd7 14. Ne4 c5 15. Nfg5 cxd4 16. Qh5 g6 17. Qh6 Rc8 18. Bxa4 bxa4 19. Rxa4 Qb6 20. Qg7 Rf8 21. Bf4 h6 22. Qxh6 Bxg5 23. Nxg5 Qc6 24. Qh3 Qxa4 25. Nxe6 Rg8 26. Ng7+ Rxg7 27. Qh8+ Ke7 28. Qxg7 Qc6 29. f3 Ke6 30. Qh6 Qc2 31. Qh3+ Qf5 32. Qh4 Rc2 33. Qd8 d3 34. Qe8+ Kd5 35. Qe7 Kc4 36. Qa3 Nc5 37. Be3 Rxg2+ 38. Kxg2 Qg4+ 39. Kh1 Bxf3+ 40. Rxf3 Qxf3+ 41. Kg1 Qxe3+ 42. Kg2 Qe2+ 0-1